| 000 | 00801nam0a22002531 4500 | ||
|---|---|---|---|
| 001 | rc\338978 | ||
| 005 | 20250621044813.0 | ||
| 010 |
_a5-247-01549-5 _91700 |
||
| 035 | _a(NLR Aleph) 005581153 | ||
| 090 |
_a6113577 _c6113577 |
||
| 100 | _a20030307d1989 |||y0rusy50 ca | ||
| 101 | 0 | _arus | |
| 102 | _aRU | ||
| 105 | _aa ||||||||| | ||
| 200 | 1 |
_aНа главном направлении _e[О тружениках газовой пром-сти _fВступ. ст. С.С. Каширова] |
|
| 210 |
_aМ. _cНедра _d1989 |
||
| 215 |
_a58, [2] с. _cил. _d21 |
||
| 225 | 1 | _aГерои труда | |
| 700 | 1 |
_aПихновский _bВ.В. _gВадим Владимирович |
|
| 801 | 0 |
_aRU _bNLR _gpsbo |
|
| 801 | 1 |
_aRU _bELAR _2rusmarc |
|
| 852 |
_aNLR _j89-4/2087 |
||
| 942 | _cBOOK | ||
| 980 | _aNB | ||